000
00323nam a2200133Ia 4500
008
151001s9999||||xx |||||||||||||| ||und||
100
_a
MUDIT MOHINI
245
_a
aesopes fables part 2
250
_a
1
260
_b
भारतीय पॉकेट बुक्स
260
_c
2009
300
_a
32
365
_b
22
999
_c
997955
_d
997952